000 01016nam a2200241 a 4500
008
020 _a0198536186
049 _aMAIN
090 0 0 _aG70.4
111 2 0 _aConference on Mathematics and Its Applications in Remote Sensing
_d(1986 :
_cDanbury, England)
245 1 0 _aMathematics in remote sensing :
_bbased on the proceedings of a Conference ... on Mathematics and Its Application in Remote Sensing held at Danbury, Essex in May 1986 /
_cedited by S.R. Brooks.
260 0 _aOxford :
_bClarendon Press ;
_aNew York :
_bOxford University Press,
_c1989.
300 _axi, 399 p. :
_bill. ;
_c25 cm.
490 1 _aInstitute of Mathematics and Its Applications conference series ;
_vnew ser., 21.
504 _aIncludes bibliographical references.
650 0 _aRemote sensing
_xMathematics
_xCongresses.
700 1 0 _aBrooks, S. R.
907 _a.b10076852
_b16-06-03
_c12-06-03
003
005 20230123133255.0
040 _cNUST
942 _cBOOKS
_kG70.4
999 _c145755
_d145755